<?xml version="1.0" encoding="UTF-8"?>
<record
    xmlns:xsi="http://www.w3.org/2001/XMLSchema-instance"
    xsi:schemaLocation="http://www.loc.gov/MARC21/slim http://www.loc.gov/standards/marcxml/schema/MARC21slim.xsd"
    xmlns="http://www.loc.gov/MARC21/slim">

  <leader>01054nam a22002417a 4500</leader>
  <controlfield tag="003">OSt</controlfield>
  <controlfield tag="005">20151102114802.0</controlfield>
  <controlfield tag="007">ta</controlfield>
  <controlfield tag="008">131030t1991    spa||||| |||| 00| 0 sp  d</controlfield>
  <datafield tag="020" ind1=" " ind2=" ">
    <subfield code="a">8478980334</subfield>
  </datafield>
  <datafield tag="024" ind1=" " ind2=" ">
    <subfield code="2">DL</subfield>
    <subfield code="a">SE12661991</subfield>
  </datafield>
  <datafield tag="040" ind1=" " ind2=" ">
    <subfield code="b">cat</subfield>
    <subfield code="c">CDMR</subfield>
  </datafield>
  <datafield tag="245" ind1=" " ind2=" ">
    <subfield code="a">As&#xED; se cont&#xF3; la guerra</subfield>
    <subfield code="b">: televisi&#xF3;n y espect&#xE1;culo informativo</subfield>
    <subfield code="c">Javier P&#xE9;rez Royo... [et al.]</subfield>
  </datafield>
  <datafield tag="260" ind1=" " ind2=" ">
    <subfield code="a">Sevilla</subfield>
    <subfield code="b">Canal Sur Televisi&#xF3;n</subfield>
    <subfield code="c">1991</subfield>
  </datafield>
  <datafield tag="300" ind1=" " ind2=" ">
    <subfield code="a">107 p. </subfield>
  </datafield>
  <datafield tag="490" ind1=" " ind2=" ">
    <subfield code="a">Cuadernos de comunicaci&#xF3;n</subfield>
    <subfield code="v">5/6</subfield>
  </datafield>
  <datafield tag="500" ind1=" " ind2=" ">
    <subfield code="a">Els textos que integren aquest volum corresponen a les ponencies presentades durant la celebraci&#xF3; del Seminari del mateix nom, a Sevilla, el 12 d'abril de 1991, organitzades per Canal Sur Televisi&#xF3;n i l'equip d'Investigaci&#xF3; en Teor&#xED;a i Teconolog&#xED;a de la Comunicaci&#xF3;</subfield>
  </datafield>
  <datafield tag="650" ind1="0" ind2="4">
    <subfield code="9">3585</subfield>
    <subfield code="a">Guerra del Golf P&#xE8;rsic, 1991</subfield>
  </datafield>
  <datafield tag="650" ind1="0" ind2="4">
    <subfield code="9">3430</subfield>
    <subfield code="a">Periodistes</subfield>
    <subfield code="v">Recull d'escrits</subfield>
  </datafield>
  <datafield tag="700" ind1=" " ind2=" ">
    <subfield code="9">3514</subfield>
    <subfield code="a">P&#xE9;rez Royo, Javier</subfield>
  </datafield>
  <datafield tag="710" ind1="2" ind2=" ">
    <subfield code="9">3906</subfield>
    <subfield code="a">Universidad de Sevilla</subfield>
    <subfield code="b"> -- Departamento de Comunicaci&#xF3;n Audiovisual y Publicidad</subfield>
  </datafield>
  <datafield tag="942" ind1=" " ind2=" ">
    <subfield code="2">udc</subfield>
    <subfield code="c">MON</subfield>
  </datafield>
  <datafield tag="999" ind1=" " ind2=" ">
    <subfield code="c">6656</subfield>
    <subfield code="d">6656</subfield>
  </datafield>
  <datafield tag="952" ind1=" " ind2=" ">
    <subfield code="0">0</subfield>
    <subfield code="1">0</subfield>
    <subfield code="4">0</subfield>
    <subfield code="7">0</subfield>
    <subfield code="a">CDMR</subfield>
    <subfield code="b">CDMR</subfield>
    <subfield code="d">2013-01-16</subfield>
    <subfield code="l">0</subfield>
    <subfield code="o">Bc</subfield>
    <subfield code="p">CDMR13109264</subfield>
    <subfield code="r">2013-10-30</subfield>
    <subfield code="w">2013-10-30</subfield>
    <subfield code="y">MON</subfield>
  </datafield>
</record>
